| 000 | 00000nam 2200000za 4500 |
| 001 | 9.837809 |
| 003 | CaOODSP |
| 005 | 20231208112858 |
| 007 | cr ||||||||||| |
| 008 | 170606s2015 onc ob f000 0 eng d |
| 040 | |aCaOODSP|beng |
| 043 | |an-cn--- |
| 086 | 1 |aPS83-3/363E-PDF |
| 100 | 1 |aWilton, Geoff, |d1981- |
| 245 | 14|aThe additive effects of participation in multiple correctional interventions and services for federally sentenced men |h[electronic resource] / |cGeoff Wilton, Amanda Nolan and Lynn Stewart. |
| 260 | |aOttawa : |bCorrectional Service of Canada, |c2015. |
| 300 | |avi, 38 p. : |btables. |
| 490 | 1 |aResearch report ; |vR-363 |
| 500 | |aIssued also in French under title: Les effets additifs de la participation à de multiples interventions et services correctionnels chez les délinquants purgeant une peine de ressort fédéral. |
| 500 | |a"March 2015." |
| 504 | |aIncludes bibliographical references. |
| 520 | |aThe study determined the relative contribution of key services and interventions to rates of revocations of conditional release with an offence of federally sentenced men. |
| 692 | 07|2gccst|aInmates |
| 692 | 07|2gccst|aIntegration |
| 700 | 1 |aNolan, Amanda M.|q(Amanda Marie),|d1982- |
| 700 | 1 |aStewart, Lynn Ann. |
| 710 | 1 |aCorrectional Service Canada. |bResearch Branch. |
| 775 | 08|tLes effets additifs de la participation à de multiples interventions et services correctionnels chez les délinquants purgeant une peine de ressort fédéral |w(CaOODSP)9.837812 |
| 830 | #0|aResearch report (Correctional Service Canada. Research Branch)|vR-363|w(CaOODSP)9.506063 |
| 856 | 40|qPDF|s230 KB|uhttps://publications.gc.ca/collections/collection_2017/scc-csc/PS83-3-363-eng.pdf |